Countries with Land in the Southern Hemisphere - Statistics

General Stats
  • This quiz has been taken 35 times
  • The average score is 39 of 48
Answer Stats
Country % Correct
Argentina
96%
Brazil
96%
Chile
96%
Indonesia
92%
Peru
92%
Australia
88%
Bolivia
88%
Colombia
88%
Ecuador
88%
Fiji
88%
Kiribati
88%
New Zealand
88%
Papua New Guinea
88%
Paraguay
88%
South Africa
88%
Tuvalu
88%
Uruguay
88%
Angola
85%
Botswana
85%
East Timor
85%
DR Congo
81%
Eswatini
81%
Lesotho
81%
Madagascar
81%
Nauru
81%
Samoa
81%
Vanuatu
81%
Zambia
81%
Zimbabwe
81%
Burundi
77%
Comoros
77%
Maldives
77%
Mozambique
77%
Namibia
77%
Republic of the Congo
77%
Rwanda
77%
Seychelles
77%
Solomon Islands
77%
Tonga
77%
Kenya
73%
Malawi
73%
Mauritius
73%
Tanzania
73%
Somalia
69%
Uganda
69%
Equatorial Guinea
65%
Sao Tome and Principe
65%
Gabon
62%
No matching quizzes found
Score Distribution
Percent of People with Each Score
Percentile by Number Answered
Your Score History
You have not taken this quiz